Los derechos de los pueblos y el derecho internacional /

Guardado en:
Bibliografiske detaljer
Hovedforfatter: Sagastume, Marco antonio
Format: Texto
Tags: Tilføj Tag
Ingen Tags, Vær først til at tagge denne postø!

MARC

LEADER 00000 a a2200000 04500
001 45350
003
040
090 |a REV0780 (19)1986  
100 |a Sagastume, Marco antonio  
245 |a Los derechos de los pueblos y el derecho internacional /  |c Marco Antonio Sagastume  
773 |g número19, III Epoca (Julio - Diciembre, 1986), páginas 37-47  
999 |c 27015  |d 27015